Карманный русско-немецкий словарь 9 000 слов

Bibliografske podrobnosti
Glavni avtor: Лоховиц А. Б. Анатолий Борисович
Izvleček:Загл. на доп.тит.л.: Russisch-Deutsches Taschenwrterbuch
Jezik:ruščina
nemščina
Izdano: Москва, Русский язык, 1986
Izdaja:21-е изд., стер.
Teme:
Format: MixedMaterials Knjiga
KOHA link:https://koha.lib.tpu.ru/cgi-bin/koha/opac-detail.pl?biblionumber=277794

MARC

LEADER 00000nam0a2200000 4500
001 277794
005 20231101235041.0
020 |a RU  |b 86-6430 
035 |a (RuTPU)RU\TPU\book\301071 
090 |a 277794 
100 |a 20141206d1986 m y0rusy5003 ca 
101 0 |a rus  |a ger 
102 |a RU 
105 |a y e 000zy 
200 1 |a Карманный русско-немецкий словарь 9 000 слов  |f А. Б. Лоховиц 
205 |a 21-е изд., стер. 
210 |a Москва  |c Русский язык  |c EnzУklopadie  |d 1986 
215 |a 320 с. 
300 |a Загл. на доп.тит.л.: Russisch-Deutsches Taschenwrterbuch 
606 1 |a Немецкий язык  |x Лексикография  |x Словари  |2 stltpush  |3 (RuTPU)RU\TPU\subj\45382  |9 64625 
610 1 |a русско-немецкие словари 
610 1 |a словари русско-немецкие 
686 |a Ш143.24-4  |v LBC/SL-A  |2 rubbk 
700 1 |a Лоховиц  |b А. Б.  |g Анатолий Борисович  |4 070 
801 0 |a RU  |b RuMRKP  |c 19950704  |g psbo 
801 1 |a RU  |b 63413507  |c 20141206 
801 2 |a RU  |b 63413507  |c 20171222  |g RCR 
942 |c BK